Truyện ngắn sinh viên

Shranjeno v:
Bibliografske podrobnosti
Glavni avtor: Truyện ngắn sinh viên
Format: Knjiga
Jezik:Undetermined
Izdano: Thanh Hóa Nxb. Thanh Hóa 2000
Teme:
Oznake: Označite
Brez oznak, prvi označite!
Thư viện lưu trữ: Trung tâm Học liệu Trường Đại học Cần Thơ
LEADER 00543nam a2200169Ia 4500
001 CTU_36167
008 210402s9999 xx 000 0 und d
082 |a 895.922301 
082 |b Tr527 
100 |a Truyện ngắn sinh viên 
245 0 |a Truyện ngắn sinh viên 
245 0 |c Truyện ngắn sinh viên; Biên soạn: Thái Hà 
260 |a Thanh Hóa 
260 |b Nxb. Thanh Hóa 
260 |c 2000 
650 |a short stories, vietnamese - collections 
980 |a Trung tâm Học liệu Trường Đại học Cần Thơ